Loading...
Biographia literaria/
| Main Author: | |
|---|---|
| Format: | Printed Book |
| Language: | English |
| Published: |
London:
Oxford University Press,
1979.
|
| LEADER | 00474nam a2200121Ia 4500 | ||
|---|---|---|---|
| 008 | 111205s9999 xx 000 0 eng d | ||
| 100 | |a Coleridge,S.T. | ||
| 245 | |a Biographia literaria/ |c Shaweross ,J. | ||
| 260 | |b Oxford University Press, |a London: |c 1979. | ||
| 300 | |a 334p. | ||
| 942 | |c BK |2 ddc | ||
| 999 | |c 218154 |d 218154 | ||
| 952 | |0 0 |1 0 |4 0 |6 E_820_920000000000000_COL_B |7 0 |9 241071 |a MAL |b MAL |c ST1 |d 2011-12-05 |g 347.00 |l 1 |o E 820.92 COL/B |p MAL19836 |r 2017-11-10 |s 2017-09-18 |v 347.00 |w 2018-08-20 |y BK | ||